000
00310nam a2200121Ia 4500
008
220216s9999 xx 000 0 und d
100
_a
Holt Everett G
245
0
_a
Rubber grading influences since the last world war
260
_b
Planter
_c
1958
300
_a
487-490
650
_a
Rubber grading
942
_c
JS
999
_c
67628
_d
67628